000 01120cam a2200337 i 4500
001 41617
003 Mx-PuUPA
005 20260327095809.0
008 140415s2017 mx a gr 001 0 spa d
020 _a9786076282069
040 _cMx-PuUPA
_aMx-PuUPA
_bspa
_dMx-PuUPA
_erda
041 0 _aspa
043 _ae-ur---
043 _a-e-ur-ru
100 1 _aMatos Franco, Rainer María,
_eautor
_917923
245 1 0 _aHistoria mínima de Rusia /
_cRainer María Matos Franco
250 _aPrimera edición
264 1 _aMéxico, D.F. :
_bEl Colegio de México ;
_bEditorial Turner,
_c2017
300 _a325 páginas :
_bmapas (blanco y negro) ;
_c21 cm
336 _2rdacontent
_atexto
_btxt
337 _2rdamedia
_asin medio
_bn
338 _2rdacarrier
_avolumen
_bnc
490 _aHistorias Mínimas
651 4 _aRusia
_xHistoria
651 4 _aRusia (Federación)
_xHistoria
651 4 _aUnión soviética
_xHistoria
942 _2ddc
_cLI
_h947
_iM55
999 _c41617
_d41617